Quiz o Starożytnym Rzymie - Statystyki

Ogólne statystyki
  • Ten quiz został rozwiązany 88 razy
  • Średni wynik to 5 z 5
Statystyki odpowiedzi
Zagadnienie Odpowiedź % Poprawnych
Na jakim kontynętach leżało Imperium Rzymskie Azja , Afryka , Europa
96%
Co było stolicą Cesarstwa Bizantyjskiego Konstantynopol (Instambuł)
94%
Co było stolicą Imperium Rzymskiego Rzym
94%
Na jakie Cesarstwa podzielono Imperium Rzymskie Wschodnio i Zachodnio Rzymskie
92%
Na jakim półwyspie miało siedzibę Imperium Rzymskie Apenińskim
83%
Nie znaleziono quizów pasujących do podanych kryteriów
Rozkład punktacji
Procent ludzi z każdym wynikiem
Percentyl według liczby udzielonych odpowiedzi
Twoja historia wyników
Nie rozwiązałeś tego quizu